LEADER 02695nam 2200685 a 450 001 9910451491703321 005 20200520144314.0 010 $a0-8166-8440-5 035 $a(CKB)1000000000470971 035 $a(EBL)310254 035 $a(OCoLC)476093317 035 $a(SSID)ssj0000279806 035 $a(PQKBManifestationID)11251361 035 $a(PQKBTitleCode)TC0000279806 035 $a(PQKBWorkID)10268373 035 $a(PQKB)10597566 035 $a(SSID)ssj0000161147 035 $a(PQKBManifestationID)11183395 035 $a(PQKBTitleCode)TC0000161147 035 $a(PQKBWorkID)10190618 035 $a(PQKB)10842220 035 $a(MiAaPQ)EBC310254 035 $a(OCoLC)85858725 035 $a(MdBmJHUP)muse39175 035 $a(Au-PeEL)EBL310254 035 $a(CaPaEBR)ebr10159495 035 $a(CaONFJC)MIL523362 035 $a(EXLCZ)991000000000470971 100 $a19921029d1993 ub 0 101 0 $aeng 135 $aur|n|---||||| 181 $ctxt 182 $cc 183 $acr 200 10$aGender on ice$b[electronic resource] $eAmerican ideologies of polar expeditions /$fLisa Bloom 210 $aMinneapolis $cUniversity of Minnesota Press$dc1993 215 $a1 online resource (176 p.) 225 1 $aAmerican culture ;$vv. 10 300 $aDescription based upon print version of record. 311 $a0-8166-2093-8 311 $a0-8166-2091-1 320 $aIncludes bibliographical references (p. 149-158) nd index. 327 $aContents; Preface and Acknowledgments; Introduction: A Passion for Blankness: U.S. and British Polar Discourse; 1. Nationalism on Ice: Technology and Masculinity at the North Pole; 2. National Geographic Society and Magazine: Technologies of Nationalism, Race, and Gender; 3. White Fade-out? Heroism and the National Geographic in the Age of Multiculturalism; 4. Science and Writing: Two Adventures of Male Embodiment; Notes; Bibliography; Index 330 $aBloom focuses on the conquest of the North Pole as she reveals how popular print and visual media defined and shaped American national ideologies from the early twentieth century to the present. 410 0$aAmerican culture (Minneapolis, Minn.) ;$v10. 606 $aPopular culture$zUnited States 606 $aFeminist criticism 607 $aNorth Pole$xDiscovery and exploration 608 $aElectronic books. 615 0$aPopular culture 615 0$aFeminist criticism. 676 $a910/.9163/2 700 $aBloom$b Lisa$0886144 801 0$bMiAaPQ 801 1$bMiAaPQ 801 2$bMiAaPQ 906 $aBOOK 912 $a9910451491703321 996 $aGender on ice$91978754 997 $aUNINA LEADER 01313nam0 22003011i 450 001 UON00432820 005 20231205104915.171 010 $a02-7101-145-9 100 $a20131108d1971 |0itac50 ba 101 $aeng 102 $aUS 105 $a|||| 1|||| 200 1 $aAnagogic qualities of literature$fedited by Joseph P. Strelka 210 $aUniversity Park$aLondon$cThe Pennsylvania State University Press$d1971 215 $avii, 335 p.$cill.$d24 cm. 410 1$1001UON00408916$12001 $aYearbook of Comparative Criticism$1210 $aUniversity Park$aLondon$cPennsylvania State University Press$vVol. 4 606 $aLetteratura$xSpiritualità$3UONC084816$2FI 620 $aUS$dUniversity Park (Pennsylvania)$3UONL000654 620 $aGB$dLondon$3UONL003044 676 $a809.91$cScuole e movimenti letterari$v21 702 1$aSTRELKA$bJoseph Peter$3UONV142267 712 $aThe Pennsylvania State University Press$3UONV264748$4650 801 $aIT$bSOL$c20250912$gRICA 899 $aSIBA - SISTEMA BIBLIOTECARIO DI ATENEO$2UONSI 912 $aUON00432820 950 $aSIBA - SISTEMA BIBLIOTECARIO DI ATENEO$dSI Angl VII 0923 $eSI LO 23690 5 0923 996 $aAnagogic qualities of literature$91336539 997 $aUNIOR